Statistics for 10 Biggest Canadian cities by population

Click here to take the quiz!

General Stats

  • This quiz has been taken 81 times
  • The average score is 7 of 10

Answer Stats

Hint Answer % Correct
2,731,571Toronto
100%
1,704,694Montreal
99%
631,486Vancouver
97%
934,243Ottawa
95%
705,244Winnipeg
88%
1,239,220Calgary
86%
932,546Edmonton
83%
536,917Hamilton
50%
721,599Mississauga
33%
593,638Brampton
18%

Score Distribution

Percentile by Number Answered

Percent of People with Each Score

Your Score History

You have not taken this quiz